| 000 | 00762nam a2200265 a 4500 | ||
|---|---|---|---|
| 001 | BRL_50 | ||
| 005 | 20190320210551.0 | ||
| 008 | 760916s1941 mx-#######---#000-0#spa-# | ||
| 041 | _aspa | ||
| 044 | _amx | ||
| 050 | 4 |
_aF1210 _b.O78 1941 |
|
| 100 | 1 |
_aOrtiz Vidales, Salvador _99109 |
|
| 245 | 1 | 0 |
_aLa arriería en México _bestudio folklórico, costumbrista e histórico _cSalvador Ortiz Vidales. |
| 250 | _a2 | ||
| 260 |
_aMéxico _bEdiciones Botas _c1941 |
||
| 300 |
_a193 p. _c20 cm. |
||
| 500 | _aEjemplar intonso | ||
| 500 | _aAu69 | ||
| 650 | 1 | 4 |
_aPaquete de transporte _922762 |
| 650 | 1 | 4 |
_aTransporte _zMéxico _922763 |
| 650 | 1 | 4 |
_aLos asnos y mulas _922764 |
| 651 | 4 |
_aMéxico _xVida social y costumbres _9769 |
|
| 902 | _aGRL | ||
| 942 |
_2lcc _cB |
||
| 999 |
_c8863 _d8863 |
||